000 00267nam a2200109Ia 4500
008 200302s9999 xx 000 0 und d
100 _aMichael Gage & Other
245 _aDesign in Blockwork
260 _bThe Architectural Press Ltd.
260 _c1972
300 _a131 P.,
999 _c162
_d162